000 00431nam a2200169Ia 4500
008 230711s9999||||xx |||||||||||||| ||und||
020 _a978-81-265-3721-1
041 _aENG
082 _a910.285
_bDE-F
100 _aDemers,Michael N
245 0 _aFundamentals of geographic information systems
250 _a4th Ed.
260 _c2014
_aNew Delhi
_bWiley & Sons
300 _a442p.
650 _aCivil Engineering
942 _cBK
999 _c5866
_d5866